| 000 | 00461cam a2200181ua 4500 | ||
|---|---|---|---|
| 001 | 5771 | ||
| 008 | 131025n ii |||gr||||Z||||||eng | ||
| 040 | _cMAIN | ||
| 082 | _a954.025 | ||
| 100 |
_aSharma,S.R, _eAuthor. |
||
| 245 |
_aMughal Empire In India _cby S.R Sharma |
||
| 260 |
_aAgra: _bLakshmi Narani Agarwal, _c1966. |
||
| 300 | _a653p. | ||
| 653 | _aSouth Asia India | ||
| 653 | _aMughal Empire In India | ||
| 653 | _aMughal rule in India | ||
| 942 | _cBK | ||
| 999 |
_c4929 _d4929 |
||